000 01304nam0a22003011 4500
001 rc\174129
005 20030307113232.7
010 _a5-7155-0323-X
_910000
035 _a(NLR Aleph) 005435703
090 _a4703791
_c4703791
100 _a20030307d1991 u |0rusy50 ca
101 0 _arus
102 _aRU
105 _ay |||||||||
200 1 _aОчерки истории школы и педагогической мысли народов СССР
_eКонец XIX - нач. XX в.
_f[Б.К. Тебиев, Ф.Ф. Шамахов, Р.Ф. Усачева и др.]
_gОтв. ред. Э.Д. Днепров
_g[АПН СССР. НИИ теории и истории педагогики]
210 _aМ.
_cПедагогика
_d1991
215 _a445, [4] с.
_d24
300 _aАвт. указаны на 5-й с.
320 _aБиблиогр.: с. 421-438
320 _aУказ. имен: с. 439-446
701 1 _aТебиев
_bБ. К.
_gБорис Константинович
702 1 _aДнепров
_bЭ. Д.
_gЭдуард Дмитриевич
_4340
712 0 2 _aИнститут теории и истории педагогики
_cМосква
_3RU\NLR\AUTH\889968683
801 0 _aRU
_bNLR
_gpsbo
801 1 _aRU
_bELAR
_2rusmarc
852 _aNLR
_j91-7/95
942 _cBOOK
980 _aNB